Němčina pro 7. ročník základní devítileté školy

Bibliographic Details
Main Authors: Beneš, Eduard, 1911-1996 (Author), Niedermaierová, Pavla (Author)
Other Authors: Paleček, Josef, 1932- (Illuminator)
Format: Book
Language:Czech
PhysicalDescription:134 s. 8°
Published: Praha Státní pedagogické nakladatelství 1964
Edition:3. vyd.
Series:Učebnice pro všeobecně vzdělávací školy

MARC

LEADER 00000nam a2200000 a 4500
001 vtls001262816
003 SK-MaSNL
005 20260416165104.0
008 251113s1964 xr 0 cze
035 |a SNK000213709 
040 |a SNK  |b slo  |c SNK  |e AACR2 
044 |a xr  |c CZ 
100 1 |a Beneš, Eduard,  |d 1911-1996  |4 aut  |9 88646 
245 1 |a Němčina pro 7. ročník základní devítileté školy  |c Eduard Beneš, Pavla Niedermaierová ; Il. Josef Paleček 
250 |a 3. vyd. 
260 |a Praha  |b Státní pedagogické nakladatelství  |c 1964 
300 |a 134 s.  |c 8° 
490 1 |a Učebnice pro všeobecně vzdělávací školy 
700 1 |a Niedermaierová, Pavla  |4 aut  |9 60624 
700 1 |a Paleček, Josef,  |d 1932-  |4 ilu  |9 101684 
830 0 |a Učebnice pro všeobecně vzdělávací školy  |9 282000 
958 |a OND 
999 |c 798639  |d 800569 
952 |t P60, <04>, [BOOK], {604}  |a SNK  |b SNK  |y VYP  |7 0  |o snkIC 35896  |i snkKIP 5441/64  |0 0  |1 0  |4 0  |d 1996-10-07  |l 0  |r 2005-01-01 00:00:00  |w 2026-02-24 
952 |t P60, <04>, [BOOK], {604}  |a SNK  |b SNK  |y VYP  |7 0  |o snkIC 35896 D1  |i snkKIP 5442/64  |0 0  |1 0  |4 0  |d 1996-10-07  |l 0  |r 2005-01-01 00:00:00  |w 2026-02-24